Termicko-katalytický rozklad odpadových plastov za tvorby C3 a C4 uhľovodíkov

Na minha lista:
Detalhes bibliográficos
Autor principal: Vidaković, Igor (Author)
Outros Autores: Vasilkovová, Božena (Thesis advisor)
Formato: Manuscrito Livro
Idioma:eslovaco
Publicado em: 2020
Assuntos:
Acesso em linha:http://is.stuba.sk/zp/portal_zp.pl?podrobnosti=150823
Tags: Adicionar Tag
Sem tags, seja o primeiro a adicionar uma tag!

MARC

LEADER 00000ntm a22000003a 4500
001 stuzp79517
003 SK-STU
005 20200627210724.3
007 ta
008 150427s2015----xo-----f-mn---000-0-slo-d
040 |a STU  |b slo 
041 0 |a slo 
100 1 |a Vidaković, Igor  |u 048130  |k Z4  |4 aut  |U FCHPT Ústav organickej chémie, katalýzy a petrochémie  |T FCHPT Oddelenie organickej technológie, katalýzy a ropy  |X 81872  |U C8130  |Y 123  |7 81872 
242 0 1 |a Thermo-catalytic degradation of plastic wastes with producing C3 and C4 hydrocarbons  |y eng 
245 1 0 |a Termicko-katalytický rozklad odpadových plastov za tvorby C3 a C4 uhľovodíkov 
260 |c 2020 
650 4 |a polypropylén  |2 slo 
650 4 |a katalytické krakovanie  |2 slo 
650 4 |a zeolit  |2 slo 
650 4 |a technológia krakovania  |2 slo 
650 4 |a catalytic cracking  |2 eng 
650 4 |a polypropylene  |2 eng 
650 4 |a zeolite  |2 eng 
650 4 |a cracking technology  |2 eng 
700 1 |a Vasilkovová, Božena  |u 048130  |k Z1  |4 ths  |U FCHPT Ústav organickej chémie, katalýzy a petrochémie  |T FCHPT Oddelenie organickej technológie, katalýzy a ropy  |X 10122  |U C8130  |Y 123  |7 A000010122 
856 4 |u http://is.stuba.sk/zp/portal_zp.pl?podrobnosti=150823